000 00772nas a2200241Ia 4500
001 R149/F1202
003 IT-RoPAU
008 151124c99999999xx |||||||||||| ||und||
040 _aIT-RoPAU
040 _cIT-RoPAU
041 _aITALIANO
100 _aMenduni Enrico
_gCodice Aut. SPICS: 10945
210 _aMEDIA PHILOSOPHY
222 _aMedia Philosophy
245 _aMEDIA PHILOSOPHY, ANNO 3-N.2 (1998)
_bTv E Bambini In Italia: Una Riflessione Critica
250 _a1a ed.
260 _aGENOVA
_bCOSTA & NOLAN
_c1998
501 _bPaulus - SPICS - Società San Paolo EM (non-commercial uses only)
_cCopyright2015
300 _a9 p. [129-137]
362 _aANNO 003, N.02 (1998)
650 _aCOMUNICAZIONE - FILOSOFIA
_vPUBBLICAZIONE PERIODICA
942 _cCR
999 _c113095
_d113095